Logo CIB grande

Aquaculture In The Ecosystem (Registro nro. 237355)

Detalles MARC
000 -LEADER
campo de control de longitud fija 00666nam a2200241Ia 4500
005 - FECHA Y HORA DE LA ÚLTIMA TRANSACCIÓN
campo de control 20250425162830.0
008 - DATOS DE LONGITUD FIJA--INFORMACIÓN GENERAL
campo de control de longitud fija 250425s9999 xx 000 0 und d
020 ## - NÚMERO INTERNACIONAL ESTÁNDAR DEL LIBRO
Número Internacional Estándar del Libro 9781402068096
041 ## - CÓDIGO DE IDIOMA
Código de lengua del texto/banda sonora o título independiente eng
044 ## - CÓDIGO DEL PAÍS DE LA ENTIDAD EDITORA/PRODUCTORA
Código MARC del país dk
082 ## - NÚMERO DE LA CLASIFICACIÓN DECIMAL DEWEY
Número de clasificación 639.8
Iniciales del Autor HOL
010 ## - NÚMERO DE CONTROL DE LA BIBLIOTECA DEL CONGRESO
Número de control de LC 110940
100 ## - ENTRADA PRINCIPAL--NOMBRE DE PERSONA
Nombre de persona Holmer, Marianne
245 #0 - MENCIÓN DEL TÍTULO
Título Aquaculture In The Ecosystem
Mención de responsabilidad, etc. Marianne Holmer; Kenny Black; Carlos M. Duarte; Nuria Marbá; Ioannis Karakassis
250 ## - MENCION DE EDICION
Mención de edición 1A. ED.
260 ## - PUBLICACIÓN, DISTRIBUCIÓN, ETC.
Lugar de publicación, distribución, etc. Denmark
Nombre del editor, distribuidor, etc. SPRINGER
Fecha de publicación, distribución, etc. 2008
264 ## - PRODUCCIÓN, PUBLICACIÓN, DISTRIBUCIÓN, FABRICACIÓN Y COPYRIGHT
Producción, publicación, distribución, fabricación y copyright Dinamarca, ODENSE
Nombre del de productor, editor, distribuidor, fabricante SPRINGER
Fecha de producción, publicación, distribución, fabricación o copyright 2008.
300 ## - DESCRIPCIÓN FÍSICA
Extensión 326 Páginas
650 ## - PUNTO DE ACCESO ADICIONAL DE MATERIA--TÉRMINO DE MATERIA
Término de materia o nombre geográfico como elemento de entrada ACUICULTURA
650 ## - PUNTO DE ACCESO ADICIONAL DE MATERIA--TÉRMINO DE MATERIA
Término de materia o nombre geográfico como elemento de entrada ECOSISTEMAS
700 ## - ENTRADA AGREGADA--NOMBRE PERSONAL
Nombre de persona BLACK, KENNY
942 ## - ELEMENTOS DE ENTRADA SECUNDARIOS (KOHA)
Tipo de ítem Koha Libros
Existencias
Estatus retirado Estado de pérdida Estado de daño No para préstamo Biblioteca de origen Biblioteca actual Fecha de adquisición Coste, precio normal de compra Etiqueta RFID Total de préstamos Código de barras Copia número Tipo de ítem Koha Nota pública
        CENTRO DE INFORMACIÓN BIBLIOTECARIA CENTRO DE INFORMACIÓN BIBLIOTECARIA 09/01/2020 280.00 0000000000000000037457   46362 1 Libros SPRINGER

Copyright 2025 ESPOL. Todos los derechos reservados.